Little toys (Record no. 3704)
[ view plain ]
| 000 -LEADER | |
|---|---|
| fixed length control field | 00201nam a22000857a 4500 |
| 008 - FIXED-LENGTH DATA ELEMENTS--GENERAL INFORMATION | |
| fixed length control field | 161108b xxu||||| |||| 00| 0 eng d |
| 100 ## - MAIN ENTRY--PERSONAL NAME | |
| 9 (RLIN) | 1049 |
| Personal name | Gupta |
| 245 ## - TITLE STATEMENT | |
| Title | Little toys |
| 260 ## - PUBLICATION, DISTRIBUTION, ETC. (IMPRINT) | |
| Place of publication, distribution, etc. | New Delhi |
| Name of publisher, distributor, etc. | A B T |
| Date of publication, distribution, etc. | 2005 |
| Withdrawn status | Lost status | Source of classification or shelving scheme | Damaged status | Koha normalized classification for sorting | Not for loan | Home library | Current library | Shelving location | Date acquired | Total Checkouts | Full call number | Barcode | Date last seen | Price effective from | Koha item type |
|---|---|---|---|---|---|---|---|---|---|---|---|---|---|---|---|
| Dewey Decimal Classification | 741_000000000000000 | Good Samaritan School Library | Good Samaritan School Library | ART & CRAFT | 11/08/2016 | 741 | FUT5002 | 11/08/2016 | 11/08/2016 | BOOK |